| 000 | 00458nam a2200169 a 4500 | ||
|---|---|---|---|
| 005 | 20140310183142.0 | ||
| 008 | 020821s19uu xx 00 eng d | ||
| 020 | _a9780752813592 | ||
| 050 |
_aHF 5549 _b.T482 1999 |
||
| 100 | _aThomson, Rosemary | ||
| 245 |
_aPeople management / _cRosemary Thomson. |
||
| 260 |
_aGreat Britain : _bOrion Business, _c1999. |
||
| 521 | _aBSBA | ||
| 650 | _aPersonnel Management | ||
| 942 |
_cBK _2lcc _kFOR |
||
| 999 |
_c19426 _d19426 |
||